Механизмы формирования химического состава природных вод в различных ландшафтно-климатических зонах горно-складчатых областей Центральной Евразии: диссертация на соискание ученой степени доктора геолого-минералогических наук; спец. 25.00.07

Dades bibliogràfiques
Autor principal: Гусева Н. В. Наталья Владимировна
Autor corporatiu: Национальный исследовательский Томский политехнический университет Инженерная школа природных ресурсов Отделение геологии
Sumari:Заглавие с титульного экрана
Электронная версия печатной публикации
Idioma:rus
Publicat: Томск, 2018
Matèries:
Accés en línia:http://earchive.tpu.ru/handle/11683/52744
Format: MixedMaterials Electrònic Llibre
KOHA link:https://koha.lib.tpu.ru/cgi-bin/koha/opac-detail.pl?biblionumber=341447

MARC

LEADER 00000nlm0a2200000 4500
001 341447
005 20250428122515.0
035 |a (RuTPU)RU\TPU\book\369429 
035 |a RU\TPU\book\369428 
090 |a 341447 
100 |a 20180927d2018 k y0rusy50 ca 
101 0 |a rus 
102 |a RU 
105 |a a m 000zy 
135 |a drcn ---uucaa 
181 0 |a i  
182 0 |a b 
200 1 |a Механизмы формирования химического состава природных вод в различных ландшафтно-климатических зонах горно-складчатых областей Центральной Евразии  |e диссертация на соискание ученой степени доктора геолого-минералогических наук  |e спец. 25.00.07  |f Н. В. Гусева  |g Национальный исследовательский Томский политехнический университет 
203 |a Текст  |c электронный 
210 |a Томск  |d 2018 
215 |a 1 файл (5 659 KB) 
300 |a Заглавие с титульного экрана 
300 |a Электронная версия печатной публикации 
452 1 |0 (RuTPU)RU\TPU\book\370964  |t Механизмы формирования химического состава природных вод в различных ландшафтно-климатических зонах горно-складчатых областей Центральной Евразии  |o диссертация на соискание ученой степени доктора геолого-минералогических наук  |o спец. 25.00.07  |f Н. В. Гусева  |g Национальный исследовательский Томский политехнический университет (ТПУ)  |c Томск  |n [Б. и.]  |d 2018  |p 300 л.  |a Гусева, Наталья Владимировна 
606 1 |a Воды природные  |x Гидрогеохимия  |2 stltpush  |3 (RuTPU)RU\TPU\subj\3203  |9 31656 
610 1 |a электронный ресурс 
610 1 |a диссертации 
610 1 |a труды учёных ТПУ 
610 1 |a механизмы 
610 1 |a химический состав 
610 1 |a ландшафтно-климатические зоны 
610 1 |a горно-складчатые области 
610 1 |a Центральная Евразия 
610 1 |a горные породы 
610 1 |a эволюционное развитие 
610 1 |a вода-порода 
610 1 |a химические элементы 
610 1 |a минералы 
610 1 |a геохимические типы 
610 1 |a климатические факторы 
610 1 |a гумидный климат 
610 1 |a Полярный Урал 
610 1 |a тектоно-магматическая активизация 
675 |a 556.114(04)  |v 3 
686 |a 25.00.07  |2 oksvnk 
700 1 |a Гусева  |b Н. В.  |c гидрогеолог  |c профессор Томского политехнического университета, доктор геолого-минералогических наук  |f 1984-  |g Наталья Владимировна  |3 (RuTPU)RU\TPU\pers\27100  |9 12650 
712 0 2 |a Национальный исследовательский Томский политехнический университет  |b Инженерная школа природных ресурсов  |b Отделение геологии  |3 (RuTPU)RU\TPU\col\23542 
801 2 |a RU  |b 63413507  |c 20190212  |g RCR 
850 |a 63413507 
856 4 |u http://earchive.tpu.ru/handle/11683/52744 
942 |c CF